| 000 | 00511nam a2200157 i 4500 | ||
|---|---|---|---|
| 001 | bg | ||
| 100 | 1 | _aŚWIRKOWSKI, Edward | |
| 245 | 0 |
_aGospodarka elektroenergetyczna na placu budowy / _cEdward Świrkowski, Bohdan Świętochowski. |
|
| 260 |
_aWarszawa, _c1976. |
||
| 700 | 1 | _aŚWIĘTOCHOWSKI, Bohdan | |
| 040 | _cBPK | ||
| 041 | _apol | ||
| 942 | _cKS | ||
| 008 | s pl f |000 0 pol | ||
| 856 |
_uhttp://koha.tu.koszalin.pl/cgi-bin/koha/opac-detail.pl?biblionumber=17262 _yKatalog online BPK |
||
| 999 |
_c17262 _d17262 |
||